Filosofía para profanos / (Registro nro. 3662)
[ vista simple ]
| 000 -LEADER | |
|---|---|
| fixed length control field | 00944nam a2200253Ia 4500 |
| 003 - CONTROL NUMBER IDENTIFIER | |
| control field | OSt |
| 005 - DATE AND TIME OF LATEST TRANSACTION | |
| control field | 20200401111428.0 |
| 008 - FIXED-LENGTH DATA ELEMENTS--GENERAL INFORMATION | |
| fixed length control field | 191128s1999 ck gr 001 0dspa d |
| 020 ## - INTERNATIONAL STANDARD BOOK NUMBER | |
| International Standard Book Number | 9586146944 |
| 040 ## - CATALOGING SOURCE | |
| Original cataloging agency | CO-JMCR |
| Transcribing agency | CO-JMCR |
| 041 0# - LANGUAGE CODE | |
| Language code of text/sound track or separate title | spa |
| 082 04 - DEWEY DECIMAL CLASSIFICATION NUMBER | |
| Classification number | 101 / |
| Item number | R436f |
| 100 1# - MAIN ENTRY--PERSONAL NAME | |
| Personal name | Restrepo Trujillo, Jorge |
| Relator term | autor |
| 9 (RLIN) | 2335 |
| 245 10 - TITLE STATEMENT | |
| Title | Filosofía para profanos / |
| Statement of responsibility, etc. | Jorge Restrepo Trujillo |
| 250 ## - EDITION STATEMENT | |
| Edition statement | Primera edición |
| 260 ## - PUBLICATION, DISTRIBUTION, ETC. | |
| Place of publication, distribution, etc. | Bogotá : |
| Name of publisher, distributor, etc. | Ariel : Planeta, |
| Date of publication, distribution, etc. | 1999 |
| 300 ## - PHYSICAL DESCRIPTION | |
| Extent | 226 páginas ; |
| Dimensions | 22 cm. |
| 500 ## - GENERAL NOTE | |
| General note | Incluye datos biográficos del autor. |
| 505 ## - FORMATTED CONTENTS NOTE | |
| Formatted contents note | volver a pensar -- generalización y generalizaciones -- paralización de la dialéctica -- agotamiento de la modernidad -- en el fondo del nihilismo -- metafísica de la intersubjetividad -- entre saber y creer --la razón instrumentalizada |
| 650 14 - SUBJECT ADDED ENTRY--TOPICAL TERM | |
| Topical term or geographic name entry element | Racionalismo |
| 9 (RLIN) | 2336 |
| 650 24 - SUBJECT ADDED ENTRY--TOPICAL TERM | |
| Topical term or geographic name entry element | Filosofía |
| 9 (RLIN) | 2337 |
| 650 24 - SUBJECT ADDED ENTRY--TOPICAL TERM | |
| Topical term or geographic name entry element | Teorías |
| 9 (RLIN) | 2338 |
| 942 ## - ADDED ENTRY ELEMENTS (KOHA) | |
| Source of classification or shelving scheme | Dewey Decimal Classification |
| Koha item type | Books |
| Withdrawn status | Lost status | Source of classification or shelving scheme | Materials specified (bound volume or other part) | Damaged status | Not for loan | Home library | Current library | Shelving location | Date acquired | Source of acquisition | Cost, normal purchase price | Total Checkouts | Total Renewals | Full call number | Barcode | Date last seen | Date last checked out | Copy number | Price effective from | Koha item type |
|---|---|---|---|---|---|---|---|---|---|---|---|---|---|---|---|---|---|---|---|---|
| Dewey Decimal Classification | Donación--18/07/2018-- | Biblioteca Pública José María del Castillo y Rada | Biblioteca Pública José María del Castillo y Rada | General Stacks | 11/28/2019 | Donación | 0.00 | 1 | 2 | 101 / R436f | 201807544 | 03/06/2025 | 01/22/2025 | Ej.1 | 11/28/2019 | Books |